Stolice najdalej od Warszawy - Statystyki

Ogólne statystyki
  • Ten quiz został rozwiązany 2 426 razy
  • Średni wynik to 7 z 20
Statystyki odpowiedzi
km Stolica % Poprawnych
15 559 Canberra
90%
17 694 Wellington
76%
12 328 Buenos Aires
70%
12 987 Santiago
66%
11 610 Lima
54%
12 226 Montevideo
52%
13 243 Port Moresby
36%
15 742 Suva
33%
11 472 Asunción
30%
11 749 Dili
26%
11 422 Sucre
25%
15 594 Apia
24%
13 988 Honiara
24%
16 285 Nuku'alofa
22%
13 451 Yaren
22%
15 237 Port Vila
21%
12 287 Palikir
19%
13 506 Tarawa
19%
14 765 Funafuti
16%
12 843 Majuro
16%
Nie znaleziono quizów pasujących do podanych kryteriów
Rozkład punktacji
Procent ludzi z każdym wynikiem
Percentyl według liczby udzielonych odpowiedzi
Twoja historia wyników
Nie rozwiązałeś tego quizu